00720nam a2200241 a 4500001001300000003000900013005001700022008004100039020002300080082001600103100001700119245003400136260003900170300000900209500003500218505001000253650002100263700001700284902000800301942000700309952014500316999001700461nice12345678IN_TiNIC20260116014114.0121108s2009 dela grp 000 0 eng  a9788120810990c29500a181.4bHIR2 aHiriyanna, M aOutlines of Indian Philosophy aDelhi bMotilal Banarsidass c2009 a419p aincludes index and biblioraphy2 aIndex aPhilosophy-India1 aHiriyanna, M bSRS cBK 001040708StackRoom-aHMIbHMId2012-11-08g295.00l18m4o181.4 HIR2p023941q2026-02-24r2026-02-10s2026-02-10v295.00w2012-11-08yBK c13897d13897